000 01263cam a2200373 a 4500
001 12519850
003 ost
005 20140407150502.0
008 010830s2001 nyu c 000 1 eng d
010 _a 2001276125
020 _a043922805
035 _a(OCoLC)ocm46995042
040 _aJJG
_cJJG
_dTCA
_dDLC
042 _alcac
_alccopycat
050 0 0 _aPZ 10.3
_b.Se516 1877
100 1 _aSewell, Anna,
_d1820-1878.
_93264
245 1 0 _aBlack Beauty /
_cAnna Sewell
250 _a1st Aladdin Paperbacks ed.
260 _aEngland :
_bPearson Education ltd,
_c1877.
300 _a47 p. ;
_c21 cm.
440 0 _aAladdin classics
_93265
521 _aG3
526 _c590
650 0 _aHorses
_vJuvenile fiction.
_93266
650 1 _aHorses
_vFiction.
_93267
651 0 _aGreat Britain
_vJuvenile fiction.
_93268
651 1 _aGreat Britain
_xHistory
_y19th century
_vFiction.
_93269
856 4 2 _3Contributor biographical information
_uhttp://www.loc.gov/catdir/bios/simon052/2001276125.html
856 4 2 _3Publisher description
_uhttp://www.loc.gov/catdir/description/simon041/2001276125.html
906 _a7
_bcbc
_ccopycat
_d3
_encip
_f20
_gy-gencatlg
942 _2lcc
_cBK
999 _c33977
_d33977